|
|
|
|
| LEADER |
00000nab a2200000 a 4500 |
| 001 |
vtls000812684 |
| 003 |
SK-MaSNL |
| 005 |
20260303223411.0 |
| 008 |
150420c1999 xo 0 slo |
| 015 |
|
|
|a SNBRA2002/11-35342
|
| 035 |
|
|
|a CLN000164339
|
| 040 |
|
|
|a SNKBUCL
|b slo
|c SNKBUCL
|e AACR2
|
| 041 |
0 |
|
|a slo
|
| 044 |
|
|
|a xo
|c SK
|
| 080 |
|
|
|a 82:930.25(082)(048)
|2 1997
|
| 080 |
|
|
|a 930.25:82(082)(048)
|2 1997
|
| 100 |
1 |
|
|a Kianička, Ľubomír,
|d 1948-
|4 aut
|9 301675
|
| 245 |
1 |
0 |
|a Literárny archív a vedecké konferencie
|c Ľubomír Kianička
|
| 650 |
0 |
7 |
|a literárne archívy
|2 snkbucl
|9 66951
|
| 655 |
|
7 |
|a články zo zborníkov
|2 snkbucl
|9 166140
|
| 655 |
|
7 |
|a recenzie
|2 snkbucl
|9 21907
|
| 773 |
0 |
|
|t Literárny archív 34/97
|d Martin : Matica slovenská, 1999
|g S. 204-205
|z 807090528X
|
| 787 |
0 |
8 |
|i Rec.:
|a Kocák, Michal, 1934-
|t Literárny archív 32/95
|d Martin : Matica slovenská, 1996
|z 8070904011
|
| 850 |
|
|
|a Slovenská národná knižnica v Martine
|
| 852 |
|
|
|a SNK
|b KIS3GCP
|
| 958 |
|
|
|a LX
|
| 958 |
|
|
|a RC
|
| 999 |
|
|
|c 2247601
|d 2249531
|